[Event "Meltwater Tour Final 2022"]
[Site "chess24.com INT"]
[Date "2022.11.15"]
[Round "2.3"]
[White "Giri, A.."]
[Black "Praggnanandhaa, R.."]
[Result "1-0"]
[WhiteElo "2764"]
[BlackElo "2678"]
[PlyCount "115"]
[EventDate "2022.11.14"]

1. d4 Nf6 2. c4 e6 3. Nc3 Bb4 4. f3 c5 5. a3 Bxc3+ 6. bxc3 Nc6 7. e4 d6 8. Be3 b6 9. Bd3 Na5 10. Ne2 Ba6 11. O-O Nd7 12. f4 ({RR} 12. Ng3 Bxc4 13. f4 Qe7 14. f5 e5 15. d5 f6 16. Bf2 Bxd3 17. Qxd3 c4 18. Qf3 Nc5 19. Be3 Nd3 20. Rab1 Qd7 21. Ne2 O-O-O 22. Nc1 Nxc1 23. Rfxc1 Kb7 24. g4 h6 25. Rb4 Ka8 26. Rcb1 Rb8 {Harshavardhan,G (2417)-Kuzuev,D (2436) chess.com INT 2025 1-0 (53)}) 12... Bxc4 ({RR} 12... O-O 13. f5 exf5 14. Rxf5 Bxc4 15. Ng3 Rc8 16. Bc2 Be6 17. Rf2 Nc4 18. Bf4 cxd4 19. cxd4 Qh4 20. a4 Nf6 21. h3 g5 22. Bc1 Qxg3 23. Rf3 Qh4 24. Rxf6 g4 25. Rh6 Qg3 26. Qd3 Qe1+ 27. Kh2 {Salem,A (2679)-Adams,M (2697) Chess.com INT 2022 0-1 (34)}) 13. f5 exf5 $146 ({RR} 13... e5 14. f6 Bxd3 15. fxg7 Rg8 16. Qxd3 Rxg7 17. Ng3 Rg6 18. Rf3 Qc7 19. Raf1 f6 20. Nf5 O-O-O 21. Ne7+ Kb7 22. Nxg6 hxg6 23. d5 c4 24. Qe2 b5 25. Rh3 Nc5 26. Qg4 Qf7 27. Bxc5 dxc5 28. Rh6 {Salem,A (2638)-Bjerre,J (2653) Biel SUI 2024 1-0 (35)}) 14. Ng3 fxe4 15. Nxe4 O-O 16. Nxd6 Bxd3 17. Qxd3 Nc6 18. Rae1 cxd4 19. cxd4 Nf6 20. Nf5 Ne5 21. Qd1 Neg4 22. Bg5 Qc7 23. Rf4 Qc3 24. Rxg4 Nxg4 25. Bd2 Nf2 26. Kxf2 Qd3 27. Qg4 g6 28. Ne7+ Kg7 29. Qf4 Rad8 30. d5 f6 31. Kg1 Rf7 32. Bc1 Kh8 33. Bb2 Kg7 34. h4 Rd7 35. Kh2 Qc2 36. h5 Qc7 37. h6+ Kf8 38. Qxc7 Rxc7 39. d6 Rcxe7 40. dxe7+ Rxe7 41. Rd1 Kf7 42. Rd6 Re6 43. Rd7+ Re7 44. Rxe7+ Kxe7 45. Kg3 b5 46. Bc3 Ke6 47. Kf4 f5 48. Ke3 Kd5 49. Kd3 f4 50. Bf6 a6 51. Kc3 a5 52. Kb3 Kc5 53. Bg5 a4+ 54. Kc3 b4+ 55. axb4+ Kb5 56. Bxf4 a3 57. Kb3 a2 58. Be5 1-0

[Event "Reykjavik Kvika op"]
[Site "Reykjavik"]
[Date "2022.04.12"]
[Round "9"]
[White "Gukesh, Dommaraju"]
[Black "Praggnanandhaa, Rameshbabu"]
[Result "0-1"]
[WhiteElo "2637"]
[BlackElo "2624"]
[PlyCount "75"]
[EventDate "2022.04.06"]
[EventType "swiss"]
[EventRounds "9"]
[EventCountry "ISL"]
[SourceTitle "CBM 207 Extra"]
[Source "ChessBase"]
[SourceDate "2022.05.31"]
[SourceVersion "1"]
[SourceVersionDate "2022.05.31"]
[SourceQuality "1"]

1. d4 Nf6 2. c4 e6 3. Nc3 Bb4 4. e3 O-O 5. Bd3 d5 6. cxd5 exd5 7. a3 Bd6 8. Qc2 b6 9. b4 c5 10. bxc5 bxc5 11. dxc5 Bxc5 12. Nf3 $146 ({RR} 12. Nge2 Nbd7 13. O-O Ne5 14. Bb2 Nxd3 15. Qxd3 Rb8 16. Rab1 Qd6 17. Qd2 Ba6 18. Rfd1 Bxa3 19. Bxa3 Qxa3 20. Ra1 Qd6 21. Nf4 Rfd8 22. Qd4 Qb6 23. Qxb6 Rxb6 24. Ncxd5 Nxd5 25. Nxd5 Rbd6 26. Ne7+ Kf8 {So,W (2751)-Sarana,A (2686) chess.com INT 2025 1-0 (53)}) 12... Re8 13. O-O Bg4 14. Rd1 Bxf3 15. gxf3 Bd6 16. Bb2 Be5 17. Bb5 Nbd7 18. Nxd5 Bxb2 19. Qxb2 Re5 20. Bxd7 Rxd5 21. Rxd5 Nxd5 22. Bh3 Nb6 23. Qe5 Qd2 24. f4 Qe2 25. Rc1 Qd3 26. Qc3 Rd8 27. Qc7 h6 28. Qxa7 Nd5 29. Bf1 Qg6+ 30. Bg2 Nc3 31. Rf1 Qd3 32. a4 Rd6 33. a5 Rg6 34. Kh1 Kh7 35. Qd4 Qf5 36. Qe5 Qg4 37. Rg1 Nd1 38. Qf5 0-1

[Event "86th Tata Steel Masters"]
[Site "Wijk aan Zee NED"]
[Date "2024.01.27"]
[Round "12.5"]
[White "Gukesh, D.."]
[Black "Praggnanandhaa, R.."]
[Result "1/2-1/2"]
[WhiteElo "2725"]
[BlackElo "2743"]
[PlyCount "80"]
[EventDate "2024.01.13"]

1. d4 Nf6 2. c4 e6 3. Nc3 Bb4 4. Nf3 O-O 5. Bg5 c5 6. d5 exd5 7. cxd5 d6 8. e3 h6 9. Bh4 Bf5 10. Bd3 Bxd3 11. Qxd3 Nbd7 12. O-O Re8 $146 ({RR} 12... Qe7 13. Rfd1 Rfe8 14. a3 Bxc3 15. bxc3 Qe4 16. c4 Qxd3 17. Rxd3 Ne4 18. Bg3 Rab8 19. Nd2 Nxg3 20. hxg3 b5 21. cxb5 Rxb5 22. Nc4 Ne5 23. Nxd6 Rb6 24. Nxe8 Nxd3 25. d6 Kf8 26. d7 Rb8 27. Nd6 {Esipenko,A (2695)-Martirosyan,H (2635) chess.com INT 2025 0-1}) 13. Ne2 a6 14. Qf5 c4 15. Rac1 Rc8 16. a3 Ba5 17. Ng3 Qe7 18. Qh3 Rc5 19. Nf5 Qf8 20. Rfd1 Bd8 21. Rd4 b5 22. Bg3 Ne5 23. Rcd1 Nh7 24. Bf4 Ng5 25. Qg3 Ngxf3+ 26. gxf3 Kh7 27. Qh3 Be7 28. Re4 Rd8 29. Kg2 a5 30. Rdd4 c3 31. bxc3 Rxc3 32. Rxe5 dxe5 33. Bxe5 f6 34. d6 Bxd6 35. Bxd6 Qf7 36. Rg4 Rg8 37. Bf4 Qf8 38. Bd6 Qf7 39. Bf4 Qf8 40. Bd6 Qf7 1/2-1/2

[Event "Plovdiv Round Table U21 op"]
[Site "Plovdiv"]
[Date "2021.09.28"]
[Round "4"]
[White "Iniyan, Panneerseluam"]
[Black "Praggnanandhaa, Rameshbabu"]
[Result "1-0"]
[WhiteElo "2522"]
[BlackElo "2617"]
[PlyCount "91"]
[EventDate "2021.09.26"]
[EventType "swiss"]
[EventRounds "9"]
[EventCountry "BUL"]
[SourceTitle "CBM 204 Extra"]
[Source "ChessBase"]
[SourceDate "2022.09.12"]
[SourceVersion "1"]
[SourceVersionDate "2022.09.12"]
[SourceQuality "1"]

1. d4 Nf6 2. c4 e6 3. Nc3 Bb4 4. Qc2 O-O 5. e4 d5 6. e5 Ne4 7. Bd3 c5 8. Nf3 cxd4 9. Nxd4 Nd7 10. Bf4 Qh4 11. g3 Qh5 12. h4 Nxe5 13. Be2 Ng4 14. Bxg4 Qxg4 15. f3 Qh5 16. g4 Qg6 17. fxe4 e5 ({RR} 17... Qf6 18. Nde2 e5 19. Bg5 Qf3 20. O-O-O d4 21. Rdf1 Qg2 22. Nd5 d3 23. Qxd3 Bxg4 24. Ng3 Bc5 25. Be7 Rfc8 26. Bxc5 Rxc5 27. Kb1 b5 28. Qe3 Rxc4 29. Rf2 Rxe4 30. Qxe4 Qxf2 31. Qxg4 Rd8 32. Nh5 {Vallejo Pons,F (2707)-So,W (2780) Leon 2018 1-0 (36)}) 18. Bxe5 ({RR} 18. O-O-O Bxc3 19. Nf5 Bxf5 20. gxf5 Qg4 21. Be3 Bd4 22. Bxd4 exd4 23. exd5 Rac8 24. Kb1 d3 25. Qxd3 Qxc4 26. Rhe1 Qxd3+ 27. Rxd3 Rc7 28. d6 Rd7 29. Re7 Rfd8 30. Kc2 Kf8 31. Rxd7 Rxd7 32. Kc3 Rd8 {Bryakin,M (2470)-Zajic,M (2453) Pozarevac SRB 2024 1-0 (62)}) 18... Bxg4 19. O-O $146 ({RR} 19. exd5 Rae8 20. Qxg6 fxg6 21. Ne6 Bxe6 22. O-O-O Bg4 23. Rde1 Rc8 24. a3 Bxc3 25. Bxc3 Rxc4 26. Re7 Rf7 27. Rhe1 Bd7 28. d6 Rcf4 29. Re8+ Rf8 30. R8e7 R8f7 31. Re8+ Rf8 32. R8e7 R8f7 {½-½ (32) Chigaev,M (2644)-Yilmaz,M (2595) Douglas 2019}) 19... Rfe8 20. Bg3 Bc5 21. Qd3 dxe4 22. Qe3 Bf3 23. Kh2 Qb6 24. Ncb5 Rad8 25. Rae1 Rf8 26. Be5 Rde8 27. Qf4 a6 28. Bc7 Qg6 29. Rg1 axb5 30. Rxg6 fxg6 31. Qd2 Bxd4 32. Qxd4 bxc4 33. Qxc4+ Kh8 34. Re3 h6 35. Qb5 Kh7 36. Bd6 Rg8 37. Qxb7 Rd8 38. Be5 Rd2+ 39. Kh3 Rf2 40. Rc3 g5 41. hxg5 hxg5 42. Rc7 Kh6 43. Rxg7 g4+ 44. Kg3 Rg2+ 45. Kf4 Rf8+ 46. Rf7 1-0

[Event "Helsingor Xtracon op"]
[Site "Helsingor"]
[Date "2019.07.24"]
[Round "6"]
[White "Korobov, Anton"]
[Black "Praggnanandhaa, Rameshbabu"]
[Result "0-1"]
[WhiteElo "2687"]
[BlackElo "2540"]
[PlyCount "102"]
[EventDate "2019.07.20"]
[EventType "swiss"]
[EventRounds "10"]
[EventCountry "DEN"]
[SourceTitle "CBM 191 Extra"]
[Source "ChessBase"]
[SourceDate "2019.09.30"]
[SourceVersion "1"]
[SourceVersionDate "2019.09.30"]
[SourceQuality "1"]

1. d4 Nf6 2. c4 e6 3. Nc3 Bb4 4. e3 O-O 5. Bd3 d5 6. Nf3 c5 7. O-O dxc4 8. Bxc4 cxd4 9. exd4 b6 10. Bg5 Bb7 11. Re1 Nbd7 12. Rc1 Rc8 13. Bd3 ({RR} 13. Bb3 Bxc3 14. bxc3 Qc7 15. c4 Ng4 16. h3 Ngf6 17. Qe2 Rfe8 18. Bh4 Ne4 19. Nd2 Ndf6 20. Nxe4 Nxe4 21. Qe3 Nd6 22. Bg3 Qd7 23. Bxd6 Qxd6 24. c5 Qd7 25. Qe5 Red8 26. Rcd1 Qc6 27. f3 h6 {Zemlyanskii,I (2300)-Jaracz,P (2467) chess.com INT 2023 1-0 (41)}) 13... h6 14. Bh4 Be7 15. Bc2 $146 ({RR} 15. Bb1 Re8 16. Qd3 Nf8 17. Ne5 Nh5 18. Bg3 Bg5 19. Rcd1 Nf4 20. Bxf4 Bxf4 21. Qh3 Qe7 22. Qg4 Bg5 23. a3 g6 24. Ba2 h5 25. Qh3 Bf6 26. f4 Rcd8 27. Qe3 Nd7 28. Ne4 Bxe4 29. Qxe4 Nxe5 {Bekker Jensen,S (2420)-Meins,G (2448) Bremen 2013 0-1 (40)}) ({RR} 15. Bb1 Re8 16. Qd3 Nf8 17. Ne5 Nh5 18. Bg3 Nxg3 19. hxg3 Bb4 20. a3 Bxc3 21. bxc3 Qd5 22. Nf3 Qb3 23. c4 Qxd3 24. Bxd3 Bxf3 25. gxf3 Red8 26. Red1 Nd7 27. f4 Kf8 28. Kf1 Nf6 29. Bb1 Rc7 {Korobov,A (2683)-Nepomniachtchi,I (2792) Zagreb 2021 0-1 (48)}) ({RR} 15. Bb1 Re8 16. Qd3 Nf8 17. Ne5 Nh5 18. Bg3 Nxg3 19. hxg3 Qd6 20. a3 Red8 21. Rcd1 Bf6 22. Qe3 Qc7 23. f4 Be7 24. Ba2 a6 25. Rd3 Bd6 26. Kh2 Bxe5 27. fxe5 Rd7 28. Rd2 Rcd8 29. Ne2 Nh7 {Kamsky,G (2721)-Movsesian,S (2700) Antalya 2013 ½-½ (53)}) 15... Nh5 16. Qd3 Ndf6 17. Bxf6 Nxf6 18. Ne5 Qd6 19. a3 Rfd8 20. Rcd1 Qc7 21. Re3 Bd6 22. f4 a6 23. Bb1 b5 24. h3 Ba8 25. f5 Bxe5 26. Rxe5 Qxe5 27. dxe5 Rxd3 28. Rxd3 Nd5 29. Kf2 Kf8 30. fxe6 fxe6 31. Rf3+ Ke7 32. Bg6 Nxc3 33. Rf7+ Kd8 34. bxc3 Bd5 35. Rf8+ Kd7 36. Rxc8 Kxc8 37. g3 Kc7 38. Ke3 Kb6 39. Kd4 Bg2 40. h4 Bd5 41. g4 Bf3 42. g5 hxg5 43. hxg5 Bd5 44. Bc2 Ba2 45. a4 a5 46. axb5 Kxb5 47. Bg6 a4 48. Bd3+ Ka5 49. Ke3 a3 50. Kd2 Bb3 51. Kc1 Kb6 0-1

[Event "Moscow Aeroflot op-A 17th"]
[Site "Moscow"]
[Date "2018.02.24"]
[Round "5"]
[White "Kulaots, Kaido"]
[Black "Praggnanandhaa, Rameshbabu"]
[Result "1/2-1/2"]
[WhiteElo "2582"]
[BlackElo "2507"]
[PlyCount "69"]
[EventDate "2018.02.20"]
[EventType "swiss"]
[EventRounds "9"]
[EventCountry "RUS"]
[SourceTitle "CBM 183 Extra"]
[Source "ChessBase"]
[SourceDate "2018.04.19"]
[SourceVersion "1"]
[SourceVersionDate "2018.04.19"]
[SourceQuality "1"]

1. d4 Nf6 2. c4 e6 3. Nc3 Bb4 4. Nf3 Nc6 5. Qc2 d6 6. Bg5 h6 7. Bd2 O-O 8. a3 Bxc3 9. Bxc3 Qe7 10. e3 e5 11. dxe5 ({RR} 11. Be2 a5 12. b3 e4 13. Nd2 Bf5 14. O-O d5 15. b4 axb4 16. axb4 Nxb4 17. Qb2 Rxa1 18. Rxa1 Nd3 19. Bxd3 exd3 20. Bb4 Qd8 21. Bxf8 Qxf8 22. Qxb7 Kh7 23. cxd5 Qe7 24. Rc1 Ne4 25. Qb2 Qg5 {Georgiev,K (2644)-Fressinet,L (2717) Dubai 2014 0-1 (31)}) 11... Nxe5 12. Nxe5 dxe5 13. O-O-O $146 ({RR} 13. Be2 c5 14. O-O Rd8 15. Rae1 b6 16. f4 e4 17. Rd1 Bb7 18. h3 Rxd1 19. Rxd1 Rd8 20. b3 Rd6 21. Be5 Rxd1+ 22. Qxd1 Qd7 23. Bxf6 Qxd1+ 24. Bxd1 gxf6 25. Bg4 a5 26. a4 Kf8 27. Bf5 Kg7 {Finegold,B (2400)-Stojanovski,S (2169) chess.com INT 2024 1-0 (43)}) ({RR} 13. Be2 c5 14. O-O Rd8 15. Rae1 b6 16. f4 e4 17. Rd1 Bb7 18. h3 Rxd1 19. Rxd1 Rd8 20. b3 Rd6 21. Be5 Rxd1+ 22. Qxd1 Qd7 23. Bxf6 Qxd1+ 24. Bxd1 gxf6 25. Bg4 a5 26. a4 Kf8 27. Bf5 Kg7 {Finegold,B (2400)-Stojanovski,S (2169) chess.com INT 2024 1-0 (43)}) 13... b6 14. Be2 Qe6 15. f3 Ba6 16. Qa4 Bb7 17. g4 Bc6 18. Qc2 Nd7 19. Rhg1 Nc5 20. Qf5 Nb3+ 21. Kb1 Rae8 22. Ka2 Ba4 23. Rde1 g6 24. Qxe6 Rxe6 25. Bd1 Nc1+ 26. Kb1 Bxd1 27. Kxc1 Bb3 28. c5 bxc5 29. f4 exf4 30. exf4 Rfe8 31. Rxe6 Rxe6 32. Re1 Kf8 33. Rxe6 Bxe6 34. g5 hxg5 35. fxg5 1/2-1/2

[Event "Titled Tue 14th May Early"]
[Site "chess.com INT"]
[Date "2024.05.14"]
[Round "7"]
[White "Lazavik, Denis"]
[Black "Praggnanandhaa, R.."]
[Result "0-1"]
[WhiteElo "2572"]
[BlackElo "2747"]
[PlyCount "136"]
[EventDate "2024.05.14"]

1. d4 Nf6 2. c4 Nc6 3. Nf3 e6 4. Nc3 Bb4 5. Qc2 d6 6. Bd2 O-O 7. a3 Bxc3 8. Bxc3 Qe7 9. e4 e5 10. d5 Nb8 11. Be2 a5 12. O-O a4 ({RR} 12... Bg4 13. b4 Nbd7 14. h3 Bh5 15. Rfb1 Rfc8 16. Qd3 c6 17. Rc1 axb4 18. axb4 Rxa1 19. Bxa1 cxd5 20. exd5 e4 21. Qe3 Nxd5 22. cxd5 Rxc1+ 23. Qxc1 exf3 24. Bxf3 Bxf3 25. gxf3 h6 26. Qe3 Qg5+ 27. Qxg5 {Shankland,S (2710)-Erigaisi,A (2722) chess.com INT 2022 ½-½ (46)}) 13. c5 Bg4 14. cxd6 cxd6 15. Ne1 $146 ({RR} 15. Rfe1 Nbd7 16. Nd2 Bxe2 17. Rxe2 Rfc8 18. Re3 Nh5 19. Qd1 g6 20. Bb4 b5 21. Rc1 Rxc1 22. Qxc1 Nc5 23. Bxc5 Rc8 24. g3 Nf6 25. Rc3 dxc5 26. Qf1 c4 27. Qc1 Qc5 28. Rf3 Ne8 29. Nb1 Kg7 {Prozhanski,G (2254)-Mindlin,A (2432) Israel ISR 2023 ½-½}) 15... Bxe2 16. Qxe2 Nbd7 17. Nd3 b6 18. Nb4 Nc5 19. Nc6 Qb7 20. f3 Kh8 21. Kh1 Ng8 22. f4 f6 23. Qf3 Rfe8 24. Bb4 exf4 25. Bxc5 bxc5 26. Qxf4 Qd7 27. Rac1 Ne7 28. Nxe7 Rxe7 29. Rc4 h6 30. h3 Re5 31. Qf2 Rb8 32. Qc2 Rb3 33. Rc3 Qb5 34. Rf2 Rxc3 35. bxc3 Qb3 36. Qd2 Kh7 37. Qc1 Rxe4 38. Rd2 Re5 39. c4 Re4 40. Rc2 Qd3 41. Kh2 h5 42. Qb1 h4 43. Rb2 Qxb1 44. Rxb1 Rxc4 45. Rb6 Rc3 46. Rxd6 Rxa3 47. Ra6 Ra1 48. d6 a3 49. Ra5 Rd1 50. Rxa3 Rxd6 51. Ra4 g5 52. Rc4 Rd5 53. Kg1 Kg6 54. Kf2 Re5 55. Kf3 Kf5 56. Ra4 Rd5 57. Ra6 Rd3+ 58. Ke2 Rg3 59. Kf2 c4 60. Ra5+ Ke4 61. Ra6 f5 62. Re6+ Kd3 63. Rd6+ Kc2 64. Rd5 f4 65. Rd4 c3 66. Rd8 Kc1 67. Rc8 c2 68. Rd8 Kb2 0-1

[Event "Chessable Masters Div 2 W"]
[Site "chess.com INT"]
[Date "2023.04.03"]
[Round "1.2"]
[White "Le Tuan Minh"]
[Black "Praggnanandhaa, R.."]
[Result "0-1"]
[WhiteElo "2542"]
[BlackElo "2688"]
[PlyCount "174"]
[EventDate "2023.04.03"]

1. d4 Nf6 2. c4 e6 3. Nc3 Bb4 4. e3 O-O 5. Bd3 d5 6. a3 Bxc3+ 7. bxc3 dxc4 8. Bxc4 c5 9. Ne2 Qc7 10. Ba2 b6 11. O-O Ba6 12. Bb2 Nc6 13. c4 cxd4 14. exd4 Rfd8 15. Rc1 b5 ({RR} 15... Ng4 16. Ng3 Qf4 17. h3 Nf6 18. Ne2 Qh4 19. d5 exd5 20. cxd5 Ne7 21. Re1 Nexd5 22. Nd4 Bb7 23. Nf3 Qh6 24. Ne5 Rf8 25. Nc6 Bxc6 26. Rxc6 Rad8 27. Qf3 Qd2 28. Re2 Qf4 29. Rxf6 gxf6 30. Bxd5 {Carlsen,M (2851)-Aronian,L (2780) Leuven 2017 1-0 (49)}) 16. cxb5 ({RR} 16. d5 bxc4 17. Bxc4 Bxc4 18. Rxc4 exd5 19. Rh4 Ne4 20. Ng3 Nxg3 21. fxg3 Rd6 22. Qh5 h6 23. Rg4 d4 24. Bc1 Qd7 25. Bxh6 Rxh6 26. Qxh6 Qxg4 27. Qxc6 Rd8 28. Qc7 Qd7 29. Qxd7 Rxd7 30. Kf2 {½-½ (30) Lobanov,S (2519)-Lazavik,D (2577) Sochi RUS 2025}) 16... Bxb5 17. d5 $146 ({RR} 17. Re1 Bxe2 18. Rxe2 Qd6 19. d5 Nxd5 20. Qa4 Nf6 21. Bxf6 gxf6 22. h4 Nd4 23. Re3 Rac8 24. Rf1 Rc7 25. Bb1 f5 26. Qd1 Qf4 27. Qh5 Rcd7 28. Rg3+ Kh8 29. Rg5 f6 30. Rg6 Ne2+ 31. Qxe2 hxg6 {Levesque,G (1888)-Farrell,N (2101) Colonia de Sant Jordi ESP 2023 0-1 (36)}) 17... Nxd5 18. Nd4 Qb7 19. Nxb5 Qxb5 20. Qc2 Rac8 21. Bb1 f5 22. Ba1 Nf4 23. Rcd1 Nd4 24. Qa2 Qc6 25. f3 Nde2+ 26. Kh1 Rxd1 27. Rxd1 Qc5 28. Qb2 Nc3 29. Re1 Qc7 30. Ba2 Nxa2 31. Qxa2 Qc1 32. Qb1 Qd2 33. Rg1 Nd3 34. h3 Nf2+ 35. Kh2 Qf4+ 36. g3 Qh6 37. h4 f4 38. Qb7 Rf8 39. Qe7 Rf7 40. Qe8+ Rf8 41. Qe7 Rf7 42. Qd8+ Rf8 43. Qc7 Nd3 44. Qe7 e5 45. Bxe5 Nxe5 46. Qxe5 fxg3+ 47. Qxg3 Qd2+ 48. Rg2 Qd7 49. Qg4 Qe7 50. h5 h6 51. a4 Qc7+ 52. Kh1 Kh8 53. Re2 Qc6 54. Kg2 Qc7 55. Qg6 Qd8 56. Qg4 Qf6 57. Kg1 Qxf3 58. Qxf3 Rxf3 59. Re7 Rf5 60. Rxa7 Rxh5 61. a5 Kh7 62. Kg2 Rf5 63. a6 Rf6 64. Kg3 Kg6 65. Kg4 h5+ 66. Kg3 Rb6 67. Kf3 Rb3+ 68. Kf4 Rb4+ 69. Kg3 Ra4 70. Kf3 Kh6 71. Ra8 h4 72. a7 Kg5 73. Kg2 Ra3 74. Kf2 Kg4 75. Rb8 Ra2+ 76. Kg1 Rxa7 77. Rb4+ Kh5 78. Kg2 g5 79. Kf3 Ra3+ 80. Kg2 Ra2+ 81. Kg1 h3 82. Kh1 g4 83. Rb3 Kh4 84. Kg1 Ra4 85. Rb1 g3 86. Kh1 Rf4 87. Kg1 h2+ 0-1

[Event "Norway Chess op-A"]
[Site "Stavanger"]
[Date "2022.06.06"]
[Round "5"]
[White "Madaminov, Mukhiddin"]
[Black "Praggnanandhaa, Rameshbabu"]
[Result "1/2-1/2"]
[WhiteElo "2404"]
[BlackElo "2642"]
[PlyCount "120"]
[EventDate "2022.06.03"]
[EventType "swiss"]
[EventRounds "9"]
[EventCountry "NOR"]
[SourceTitle "CBM 208 Extra"]
[Source "ChessBase"]
[SourceDate "2022.07.31"]
[SourceVersion "1"]
[SourceVersionDate "2022.07.31"]
[SourceQuality "1"]

1. d4 Nf6 2. c4 e6 3. Nc3 Bb4 4. e3 O-O 5. Bd3 d5 6. Nf3 dxc4 7. Bxc4 c5 8. O-O cxd4 9. exd4 b6 10. Qe2 ({RR} 10. Bd3 Bb7 11. a3 Be7 12. Re1 Nbd7 13. Qe2 Nd5 14. Nxd5 Bxd5 15. Bf4 Nf6 16. Ne5 Bb7 17. Qe3 Nh5 18. Qh3 g6 19. Be3 Rc8 20. Rac1 Rxc1 21. Rxc1 Bf6 22. Be2 Ng7 23. Bf3 Bxf3 24. Qxf3 Nf5 {Carlsen,M (2847)-Aronian,L (2781) chess24.com INT 2021 1-0 (64)}) 10... h6 11. Bf4 ({RR} 11. Rd1 Bb7 12. Bf4 Nc6 13. d5 exd5 14. Nxd5 Nxd5 15. Bxd5 Qf6 16. Qc4 Rac8 17. Be3 Ne7 18. Qxb4 Nxd5 19. Qd4 Nxe3 20. Qxf6 gxf6 21. fxe3 Rc2 22. Rd7 Bxf3 23. gxf3 Re8 24. Rf1 Rxe3 25. Rf2 Re1+ {Bakhrillaev,B (2325)-Rozum,I (2499) Moscow RUS 2024 ½-½ (42)}) 11... Nc6 12. Rfd1 Na5 $146 ({RR} 12... Ne7 13. Ne4 Nfd5 14. Bd2 Bxd2 15. Qxd2 Bb7 16. a4 Nf5 17. Re1 a5 18. Rac1 Nb4 19. b3 Rc8 20. Qf4 Bd5 21. Red1 Qe7 22. Bxd5 Nxd5 23. Qd2 Rfd8 24. Rxc8 Rxc8 25. Rc1 Rxc1+ 26. Qxc1 Qb4 27. Qc8+ {Mamedjarova,T (2222)-Klek,H (2324) Baku AZE 2023 ½-½ (42)}) 13. Bd3 Bb7 14. Rac1 Rc8 15. Ne5 Nc6 16. Bb1 Qe7 17. Qd3 Rfd8 18. Nxc6 Bxc6 19. Be5 Kf8 20. Qg3 Bd6 21. h3 a6 22. a3 b5 23. Ne2 Bb7 24. Rxc8 Bxc8 25. Rc1 Bb7 26. Nf4 Bxe5 27. dxe5 Nd5 28. h4 Nxf4 29. Qxf4 Qd7 30. Bg6 Rc8 31. Rxc8+ Bxc8 32. Qb4+ Kg8 33. Bc2 Bb7 34. Qc3 g6 35. f3 Qd8 36. g3 Kg7 37. Kf2 Bd5 38. b4 Qb6+ 39. Qe3 Qc7 40. Bb1 a5 41. bxa5 Qxa5 42. g4 Qa4 43. Bd3 Qxa3 44. Bxb5 Qb2+ 45. Be2 Bc4 46. Kf1 Qb1+ 47. Kf2 Qb2 48. Kf1 Bxe2+ 49. Qxe2 Qc1+ 50. Kg2 Qf4 51. Qe1 Kf8 52. Qc3 h5 53. gxh5 gxh5 54. Qe1 Qd4 55. Qg3 Qe3 56. Qg5 Qxg5+ 57. hxg5 Kg7 58. Kg3 Kh7 59. Kh3 Kg7 60. Kg3 Kh7 1/2-1/2

[Event "2nd UzChess Cup Masters"]
[Site "Tashkent UZB"]
[Date "2025.06.23"]
[Round "5.1"]
[White "Maghsoodloo, Parham"]
[Black "Praggnanandhaa, R.."]
[Result "1-0"]
[WhiteElo "2691"]
[BlackElo "2767"]
[PlyCount "135"]
[EventDate "2025.06.19"]

1. d4 Nf6 2. c4 e6 3. Nc3 Bb4 4. e3 c5 5. Bd3 cxd4 6. exd4 d5 7. cxd5 Nxd5 8. Nge2 O-O 9. O-O Re8 10. Re1 $146 ({RR} 10. Nxd5 exd5 11. Nf4 Nc6 12. Be3 Bd6 13. Qf3 Qh4 14. g3 Qg4 15. Qxg4 Bxg4 16. Nxd5 Rad8 17. Nc3 Be5 18. Be2 {½-½ (18) Klukin,K (2430)-Yeganegi,B (2347) Moscow RUS 2025}) ({RR} 10. a3 Bf8 11. Nxd5 exd5 12. Nf4 Nc6 13. Be3 Be6 14. Rc1 g6 15. b4 a6 16. Bb1 Qf6 17. Nxe6 Rxe6 18. Ba2 Rd8 19. Qd2 Rd7 20. Rfd1 Re4 21. Bb1 Re8 22. Bg5 Qg7 23. h3 h6 24. Be3 Qf6 {Moranda,W (2557)-Wojtaszek,R (2655) Krakow POL 2025 ½-½}) ({RR} 10. a3 Bf8 11. Nxd5 Qxd5 12. Nc3 Qd8 13. Bf4 a6 14. Rc1 Bd6 15. Bxd6 Qxd6 16. Ne4 Qd8 17. Rxc8 Qxc8 18. Nd6 Qd7 19. Nxe8 Qxe8 20. Qc2 g6 21. Qc7 Nc6 22. Qxb7 Nxd4 23. Qb6 e5 24. b4 Qc8 {Gokhale,J (2325)-Aleksandrov,A (2460) Oakham 1992 0-1 (32)}) 10... Nc6 11. a3 Bf8 12. Nxd5 exd5 13. Be3 g6 14. Nf4 Bg7 15. Bb5 Qd6 16. Bxc6 bxc6 17. Nd3 Bf5 18. Nc5 h6 19. Qf3 a5 20. Bf4 Qd8 21. Rxe8+ Qxe8 22. Qd1 Qd8 23. Qd2 g5 24. Bg3 h5 25. h3 h4 26. Be5 Bxe5 27. dxe5 Qe7 28. Qd4 Re8 29. Re1 f6 30. e6 Kg7 31. Re3 Kg6 32. b4 axb4 33. axb4 Qd6 34. Nd7 Qe7 35. f4 Be4 36. fxg5 Qxe6 37. Nxf6 Qe5 38. Qa7 Qxg5 39. Ng4 Qe7 40. Qb6 Qd6 41. Qd4 Qe7 42. Rc3 Rc8 43. Ra3 Qg7 44. Qf2 Kh5 45. Ra7 Rc7 46. Rxc7 Qxc7 47. Qf6 Bg6 48. Ne5 Be4 49. Kh2 Qb8 50. g4+ hxg3+ 51. Kxg3 Qg8+ 52. Kf4 Bh7 53. Qe7 Bb1 54. Nxc6 Qg2 55. Qe8+ Kh6 56. Qh8+ Bh7 57. Qf6+ Kh5 58. Qe5+ Kh6 59. Qe6+ Bg6 60. Ke5 Qe4+ 61. Kd6 Qxe6+ 62. Kxe6 Bd3 63. Kxd5 Kh5 64. Ne5 Ba6 65. Ng4 Kh4 66. Nf2 Kg3 67. Kc5 Kxf2 68. h4 1-0

[Event "6th Prague Masters 2024"]
[Site "Prague CZE"]
[Date "2024.03.01"]
[Round "4.2"]
[White "Nguyen, Thai Dai Van"]
[Black "Praggnanandhaa, R.."]
[Result "1/2-1/2"]
[WhiteElo "2630"]
[BlackElo "2747"]
[PlyCount "80"]
[EventDate "2024.02.27"]

1. d4 Nf6 2. c4 e6 3. Nc3 Bb4 4. Qc2 d6 5. e3 O-O 6. Bd3 d5 ({RR} 6... c5 7. Nf3 Nc6 8. O-O Bxc3 9. Qxc3 Qe7 10. dxc5 dxc5 11. Ne5 Nxe5 12. Qxe5 Rd8 13. Bc2 Ng4 14. Qg3 e5 15. f3 Nf6 16. b3 Nh5 17. Qf2 Bd7 18. Bb2 Bc6 19. Rad1 h6 20. h3 Nf6 21. Qg3 {Erigaisi,A (2801)-Abdusattorov,N (2768) Wijk aan Zee NED 2025 1-0 (46)}) 7. Nf3 $146 ({RR} 7. Nge2 b6 8. O-O Bb7 9. cxd5 exd5 10. a3 Be7 11. Ng3 Re8 12. b4 Nbd7 13. Bb2 Bf8 14. b5 h5 15. h3 g6 16. Rae1 h4 17. Nge2 Bd6 18. Bc1 Nf8 19. f3 Ne6 20. Kh1 Nh5 21. Qb3 Qg5 {Bok,B (2621)-Niemann,H (2692) chess.com INT 2024 1-0 (67)}) 7... dxc4 8. Bxc4 b6 9. O-O Bb7 10. Bd3 c5 11. Ne4 Nxe4 12. Bxe4 Bxe4 13. Qxe4 Nd7 14. a3 Ba5 15. Qc2 Rc8 16. dxc5 bxc5 17. Rd1 Qc7 18. b3 h6 19. Bb2 Qb7 20. Rac1 Bd8 21. Ne5 Nxe5 22. Bxe5 Be7 23. Qc3 f6 24. Bd6 Rfd8 25. Bxe7 Rxd1+ 26. Rxd1 Qxe7 27. h3 Rb8 28. Rd3 Rb7 29. Qc4 f5 30. e4 fxe4 31. Qxe4 Rd7 32. Qa8+ Kh7 33. Qe4+ Kg8 34. Re3 Rd1+ 35. Kh2 Qd6+ 36. g3 Qd5 37. Qxe6+ Qxe6 38. Rxe6 Ra1 39. a4 c4 40. bxc4 Rxa4 1/2-1/2